000 01507nam a2200397 a 4500
001 20954
003 VRT
005 20260207114034.0
008 251124s1937 xo slo c
015 _aSKSNBA19191938-012982
035 _aSK01SNKBSKHR20020094068
035 _aSKM000096531
039 9 _a202511241303
_bVLOAD
_c202510291231
_dVLOAD
_c201808121616
_dVLOAD
_c201804301330
_dcsnk01
040 _aSNK
_bslo
_cSNK
_eAACR2
041 1 _aslo
044 _axo
080 _a885.4
_21. stred., slo
100 1 _aTajovský, Jozef Gregor,
_d1874-1940
_4aut
245 1 0 _aSmrť Ďurka Langsfelda
_bdráma v troch dejstvách
_cJozef Tajovský-Gregor ; pre ochotnícke javisko uprav. Ján K. Garaj
250 _a[2. vyd.]
260 _aMartin
_bMatica slovenská
_c1937
_eMartin
_fKníhtlačiarsky účastinársky spolok
300 _a85, [2] s.
_c
490 0 _aČítanie pre meštianske školy
_vzv. 12
500 _aPortrét autora
655 7 _aslovenské drámy
_2SNKPH
700 1 _aGaraj, Ján Karol,
_d1903-1973
_4oth
830 0 _aČítanie pre meštianske školy
942 _2ddc
_cKLDO
_n0
949 _asnklmMK 887
_bsnklm488/78
949 _617A0536922
_asnkSD 3801/12 D2
_bsnkF 443/64
_qrekatalogizáca
949 _6273K0370824
_asvkpoA 17694
_bsvkpo40640
949 _617A0462287
_asnkSD 3801/12 D1
_bsnkF 5579/62
999 _c20954
_d20954